000 00641nam a22002297a 4500
003 UA-OsUOA
001 102434
007 ta
008 20130913b un ||||| |||| 00| 0 ukr d
100 _aКрисанов Д.
700 _aТур О.
090 _a330(477)
_bК82
942 _cSA
040 _aUA-OsUOA
_bukr
_cUA-OsUOA
_dUA-OsUOA
245 _aАнтикризове управління в АПК в умовах глобалізації
300 _aС.30-36
955 _a0
041 _aukr
080 _a330(477)
773 0 _w102429
_tЕкономіст
_dК.
_d2013
_g7
650 7 _a330 Економіка взагалі
_2UDC
999 _c388661
_d388661